000 00317nam a22001337a 4500
020 _qPB.
040 _cFIZZA ISHAQ
082 _a006.6846
_bADO
100 _aSYSTEM, ADOBE.
_955470
245 _aIN DESIGN /
_cADOBE SYSTEM
260 _aNEW YORK :
_bADOBE PUBLISHERS,
_c1999.
300 _a437 P. ;
942 _2ddc
_cBK
999 _c566321
_d566321